| 000 | 01212nam0a2200313 4500 | ||
|---|---|---|---|
| 001 | RU\NLR\BIBL_A\012160886 | ||
| 005 | 20200115113804.0 | ||
| 010 |
_a978-5-6043205-5-6 _9100 |
||
| 021 |
_aRU _bКН-П-19-084403 _9КН-П-19-6130 |
||
| 035 | _a(NLR Aleph) 012160886 | ||
| 035 | _a(RuMoRGB)010156097 | ||
| 090 |
_a12189550 _c12189550 |
||
| 100 | _a20191210d2019 k y0rusy50 ca | ||
| 101 | 0 | _arus | |
| 102 | _aRU | ||
| 105 | _aacbhz|||000zy | ||
| 200 | 1 |
_aПервая столица Китая _eэволюция архитектурно-планировочной структуры Аньяна _fЦюй Жулань |
|
| 210 |
_aСанкт-Петербург _cНП-Принт _d2019 |
||
| 215 |
_a119 с. _cил., цв. ил., к., факс. _d24 |
||
| 300 | _aНа обл. авт. не указан | ||
| 320 | _aБиблиогр.: с. 115-118 (32 назв.) | ||
| 607 |
_aАньян, город (Китай) _xАрхитектура _92434611 _3RU\NLR\AUTH\6601666941 |
||
| 686 | 1 | _aЩ113(5Кит)92Аньян | |
| 700 | 0 |
_7ca _8rus _aЦюй Жулань _9214164 _3RU\NLR\AUTH\770214220 |
|
| 942 | _cBOOK | ||
| 980 | _aNBR | ||
| 980 | _aNB | ||